[Event "GER-chT Lands U20"]
[Site "Tuebingen"]
[Date "2024.10.06"]
[Round "7"]
[White "Peglau, Paul David"]
[Black "Voigt, Anastasia"]
[Result "0-1"]
[WhiteElo "1943"]
[BlackElo "2037"]
[PlyCount "124"]
[EventDate "2024.10.03"]
[EventType "team-swiss"]
[EventRounds "7"]
[EventCountry "GER"]
[SourceTitle "CB47_2024"]
[SourceDate "2024.11.20"]
[SourceVersion "1"]
[SourceVersionDate "2024.11.20"]
[SourceQuality "1"]

1. d4 d5 2. c4 e6 3. Nf3 Nf6 4. Nc3 Be7 5. Bf4 0-0 6. e3 b6 7. cxd5 exd5 8. Rc1 a6 9. Bd3 Nbd7 10. 0-0 Bb7 11. Qe2 c5 12. dxc5 Nxc5 13. Bb1 Ne6 14. Bg3 b5 15. Rfd1 Qb6 16. Be5 Rfd8 17. Nd4 Nxd4 18. Bxd4 Qe6 19. Qf3 Ne4 20. Ne2 Bd6 21. Ng3 g6 22. Bxe4 dxe4 23. Qf6 Qxf6 24. Bxf6 Rd7 25. Rd4 Re8 26. Rcd1 Re6 27. Bg5 Kf8 28. Ne2 Bc6 29. Rc1 Be7 30. Rxd7 Bxd7 31. Bxe7+ Kxe7 32. Nd4 Rd6 33. h4 Be6 34. Rc7+ Rd7 35. Rc6 Rd6 36. Rc7+ Rd7 37. Rc2 Bxa2 38. b3 Bb1 39. Rc6 Rd6 40. Rc7+ Kf6 41. g4 h6 42. Kg2 Bd3 43. Rc5 Ke7 44. Kg3 Rb6 45. Rc7+ Kd6 46. Rxf7 Kc5 47. g5 hxg5 48. hxg5 a5 49. Kf4 a4 50. bxa4 bxa4 51. Rf6 a3 52. Rxb6 Kxb6 53. Nb3 a2 54. Ke5 Kb5 55. Kd4 Kb4 56. Na1 Bb1 57. Ke5 Kc3 58. Kf6 Kb2 59. Kxg6 Kxa1 60. Kh7 Kb2 61. g6 a1Q 62. g7 Ba2 0-1

[Event "GER-chT Lands U20"]
[Site "Tuebingen"]
[Date "2024.10.03"]
[Round "1"]
[White "Buchholz, Maja Patricia"]
[Black "Voigt, Anastasia"]
[Result "0-1"]
[WhiteElo "1988"]
[BlackElo "2037"]
[PlyCount "94"]
[EventDate "2024.10.03"]
[EventType "team-swiss"]
[EventRounds "7"]
[EventCountry "GER"]
[SourceTitle "CB47_2024"]
[SourceDate "2024.11.20"]
[SourceVersion "1"]
[SourceVersionDate "2024.11.20"]
[SourceQuality "1"]

1. c4 Nf6 2. g3 e6 3. Bg2 d5 4. Nf3 Be7 5. b3 0-0 6. Bb2 b6 7. cxd5 Nxd5 8. 0-0 c5 9. d4 cxd4 10. Nxd4 Bb7 11. e4 Nf6 12. e5 Nd5 13. Nd2 Nd7 14. Re1 Nc5 15. Ne4 Rc8 16. Nb5 Nxe4 17. Bxe4 a6 18. Nd6 Bxd6 19. exd6 Rb8 20. Bxh7+ Kxh7 21. Qh5+ Kg8 22. Bxg7 Kxg7 23. Qg4+ Kh7 24. Re5 f5 25. Qh5+ Kg7 26. Rxe6 Rf6 27. Rae1 Qh8 28. Qe2 Qh6 29. Qe5 Rh8 30. h4 Kf7 31. Re7+ Nxe7 32. Qxe7+ Kg6 33. d7 Qf8 34. Qe3 Be4 35. f3 Qc5 36. fxe4 Qxe3+ 37. Rxe3 fxe4 38. Rxe4 Rd8 39. Kg2 Rxd7 40. Kh3 Rd2 41. a4 Rff2 42. Kg4 Rd3 43. h5+ Kf7 44. Kh3 Rxb3 45. Rg4 Rbb2 46. Kh4 Rf5 47. h6 Rh2# 0-1

[Event "EU-ch U18 Girls"]
[Site "Prague"]
[Date "2024.08.29"]
[Round "7"]
[White "Voigt, Anastasia"]
[Black "Trasakova, Adela"]
[Result "1/2-1/2"]
[WhiteElo "2037"]
[BlackElo "1853"]
[PlyCount "66"]
[EventDate "2024.08.22"]
[EventType "swiss"]
[EventRounds "9"]
[EventCountry "CZE"]
[SourceTitle "CBM 221 Extra"]
[Source "ChessBase"]
[SourceDate "2024.09.30"]
[SourceVersion "1"]
[SourceVersionDate "2024.09.30"]
[SourceQuality "1"]

1. e4 c6 2. d4 d5 3. Nc3 dxe4 4. Nxe4 Bf5 5. Ng3 Bg6 6. Nf3 Nd7 7. Bc4 e6 8. 0-0 Ngf6 9. Re1 Be7 10. c3 0-0 11. Nh4 Nd5 12. Nxg6 hxg6 13. Ne4 N7f6 14. Bf1 Nxe4 15. Rxe4 c5 16. dxc5 Bxc5 17. Qf3 Qf6 18. Qg3 Rfd8 19. Rg4 Qf5 20. h3 Qc2 21. Rc4 Bb6 22. Qf3 Nf6 23. Qe2 Qd1 24. b4 Rd7 25. Qb2 Rad8 26. Bf4 Qd5 27. Re1 Nh5 28. Be5 Qd2 29. Qxd2 Rxd2 30. Be2 Rxa2 31. Bc7 Bxc7 32. Rxc7 b6 33. Bc4 Rc2 1/2-1/2

[Event "EU-ch U18 Girls"]
[Site "Prague"]
[Date "2024.08.28"]
[Round "6"]
[White "Yilmaz, Gokcen"]
[Black "Voigt, Anastasia"]
[Result "1/2-1/2"]
[WhiteElo "1900"]
[BlackElo "2037"]
[PlyCount "88"]
[EventDate "2024.08.22"]
[EventType "swiss"]
[EventRounds "9"]
[EventCountry "CZE"]
[SourceTitle "CBM 221 Extra"]
[Source "ChessBase"]
[SourceDate "2024.09.30"]
[SourceVersion "1"]
[SourceVersionDate "2024.09.30"]
[SourceQuality "1"]

1. e4 e5 2. Nf3 Nc6 3. Nc3 Nf6 4. Bb5 Bb4 5. 0-0 0-0 6. d3 d6 7. Ne2 Ne7 8. Bg5 Ng6 9. Nh4 h6 10. Nxg6 fxg6 11. Bh4 g5 12. Bg3 Nh5 13. c3 Ba5 14. Bc4+ Kh8 15. f3 g4 16. f4 Nxg3 17. hxg3 c6 18. fxe5 dxe5 19. Rxf8+ Qxf8 20. Qf1 Qd6 21. Qf2 b5 22. Bb3 Bd7 23. Qe3 c5 24. Bd5 Rf8 25. Rf1 Rxf1+ 26. Kxf1 Bb6 27. Qf2 Bd8 28. Qf7 Qf6+ 29. Qxf6 Bxf6 30. Nc1 Bd8 31. Ke2 g5 32. d4 cxd4 33. cxd4 exd4 34. e5 Bf5 35. Nd3 Be7 36. Nf2 Kg7 37. Bc6 a6 38. Be8 Bd8 39. Bh5 Bc7 40. Nxg4 Bxg4+ 41. Bxg4 Bxe5 42. Kd3 Kf6 43. Bc8 a5 44. g4 Ke7 1/2-1/2

[Event "GER-chT Lands U20"]
[Site "Hannover"]
[Date "2023.10.05"]
[Round "7"]
[White "Voigt, Anastasia"]
[Black "Dodul, Alice"]
[Result "1-0"]
[WhiteElo "1878"]
[BlackElo "1414"]
[PlyCount "117"]
[EventDate "2023.10.01"]
[EventType "team-swiss"]
[EventRounds "7"]
[EventCountry "GER"]
[SourceTitle "CBM 216 Extra"]
[Source "ChessBase"]
[SourceDate "2023.11.30"]
[SourceVersion "1"]
[SourceVersionDate "2023.11.30"]
[SourceQuality "1"]

1. e4 e5 2. Nf3 Nc6 3. Bc4 Bc5 4. c3 Nf6 5. d3 d6 6. 0-0 a5 7. a4 h6 8. Re1 0-0 9. h3 Be6 10. Nbd2 Nd7 11. Bxe6 fxe6 12. Qb3 Qe8 13. Nf1 Bb6 14. Be3 Qg6 15. N1d2 Rae8 16. Kh1 Bxe3 17. Rxe3 Rb8 18. d4 exd4 19. cxd4 Ne7 20. Rc1 c5 21. Qd3 cxd4 22. Qxd4 e5 23. Qc4+ Kh7 24. Nb3 Rfc8 25. Qf1 Rxc1 26. Qxc1 Rc8 27. Qd1 Nc6 28. Nh4 Qe6 29. Nf5 Rf8 30. f3 Nc5 31. Qxd6 Qxd6 32. Nxd6 Nxa4 33. Nxb7 Ra8 34. Re2 Ra7 35. N7c5 Nxc5 36. Nxc5 Rc7 37. Nd3 Rd7 38. Nf2 h5 39. h4 g6 40. Kg1 Kg7 41. Rc2 Rd6 42. Kf1 Kf6 43. Rc5 g5 44. hxg5+ Kxg5 45. g3 Kg6 46. f4 Kf6 47. fxe5+ Nxe5 48. Rxa5 Rb6 49. Nd1 Rb4 50. Ra6+ Kf7 51. Rh6 Rxe4 52. Rxh5 Nd3 53. Rh1 Re1+ 54. Kg2 Re2+ 55. Kf3 Rc2 56. b3 Nb2 57. Nxb2 Rxb2 58. Rh7+ Kf6 59. Rb7 1-0

[Event "BL2-Ost 2324 (Women)"]
[Site "Germany"]
[Date "2022.11.12"]
[Round "3.2"]
[White "Voigt, Anastasia"]
[Black "Mucha, Annegret"]
[Result "1-0"]
[WhiteElo "1772"]
[BlackElo "1994"]
[PlyCount "69"]
[EventDate "2022.10.15"]
[EventType "team-tourn"]
[EventRounds "7"]
[EventCountry "GER"]
[SourceTitle "EXT 2025"]
[Source "ChessBase"]
[SourceDate "2024.10.14"]
[SourceVersion "1"]
[SourceVersionDate "2024.10.14"]
[SourceQuality "1"]
[WhiteTeam "Halle USV (W)"]
[BlackTeam "Zeulenroda Rochade (W)"]
[WhiteTeamCountry "GER"]
[BlackTeamCountry "GER"]

1. e4 c5 2. Nf3 d6 3. d4 cxd4 4. Nxd4 Nf6 5. Nc3 a6 6. Be3 e6 7. f3 Be7 8. Qd2 0-0 9. 0-0-0 Nc6 10. g4 Nxd4 11. Bxd4 b5 12. Kb1 Bb7 13. g5 Nh5 14. Be3 Rc8 15. Bd3 b4 16. Ne2 d5 17. Ng3 g6 18. Nxh5 gxh5 19. Qf2 f5 20. exf5 exf5 21. Rhg1 Rc6 22. Bd4 Qc8 23. Rde1 Re6 24. Qh4 Rxe1+ 25. Rxe1 Bc5 26. Bxc5 Qxc5 27. Qxh5 Qf2 28. Rf1 Qg2 29. Qh4 Re8 30. b3 a5 31. Qg3 Qd2 32. Bxf5 d4 33. Qh4 Re7 34. g6 Qe3 35. gxh7+ 1-0

[Event "GER-ch Rapid (Women)"]
[Site "Goettingen"]
[Date "2022.09.24"]
[Round "4"]
[White "Voigt, Anastasia"]
[Black "Margaryan, Susanna"]
[Result "1/2-1/2"]
[WhiteElo "1772"]
[BlackElo "1434"]
[PlyCount "88"]
[EventDate "2022.09.24"]
[EventType "swiss (rapid)"]
[EventRounds "9"]
[EventCountry "GER"]
[SourceTitle "CBM 210 Extra"]
[Source "ChessBase"]
[SourceDate "2022.11.30"]
[SourceVersion "1"]
[SourceVersionDate "2022.11.30"]
[SourceQuality "1"]

1. e4 c5 2. Nf3 e6 3. d4 cxd4 4. Nxd4 a6 5. c4 Nc6 6. Nc3 Bc5 7. Be3 Qb6 8. Nxc6 Bxe3 9. Qe2 Bxf2+ 10. Qxf2 Qxf2+ 11. Kxf2 bxc6 12. c5 Ne7 13. Na4 a5 14. Nb6 Rb8 15. Rd1 Ng6 16. Nc4 0-0 17. Rd2 Rb5 18. Be2 Rxc5 19. Nd6 Nf4 20. Nxc8 Rxc8 21. Ba6 Rc7 22. h4 d5 23. h5 e5 24. g3 Ne6 25. Rhd1 d4 26. b3 h6 27. Bc4 Ng5 28. Bd3 f6 29. Kg2 Rc3 30. Kf2 c5 31. Re1 Rb7 32. Kg2 a4 33. Bc4+ Kf8 34. Bd5 Ra7 35. Rf1 axb3 36. axb3 Re3 37. Rc2 Rc7 38. Rfc1 Nxe4 39. Bxe4 Rxe4 40. Rxc5 Rxc5 41. Rxc5 d3 42. Kf3 d2 43. Rd5 Rb4 44. Rd3 e4+ 1/2-1/2

[Event "EU-ch Hybrid U14 Girls"]
[Site "Tornelo INT"]
[Date "2021.10.15"]
[Round "1"]
[White "Voigt, Anastasia"]
[Black "Christodoulou, Georgia"]
[Result "1-0"]
[WhiteElo "1756"]
[BlackElo "1416"]
[PlyCount "131"]
[EventDate "2021.10.15"]
[EventType "swiss"]
[EventRounds "9"]
[EventCountry "NET"]
[SourceTitle "EXT 2023"]
[Source "ChessBase"]
[SourceDate "2022.10.05"]
[SourceVersion "1"]
[SourceVersionDate "2022.10.05"]
[SourceQuality "1"]
[WhiteTeam "Germany"]
[BlackTeam "Greece"]
[WhiteTeamCountry "GER"]
[BlackTeamCountry "GRE"]

1. e4 e6 2. d4 d5 3. Nd2 dxe4 4. Nxe4 Nd7 5. Bd3 Ngf6 6. Qe2 Be7 7. Nf3 0-0 8. 0-0 Nxe4 9. Bxe4 Nf6 10. Bd3 b6 11. c3 Bb7 12. a4 c5 13. dxc5 Bxc5 14. Bf4 Qe7 15. Rad1 Rfd8 16. Rd2 Bd6 17. Bxd6 Rxd6 18. Rfd1 Rad8 19. Nd4 Qd7 20. Nb5 Qc6 21. f3 R6d7 22. Nxa7 Qxa4 23. Bb5 Qxd1+ 24. Qxd1 Rxd2 25. Qb3 Rd1+ 26. Kf2 R8d2+ 27. Kg3 Rg1 28. Kf4 Nd5+ 29. Ke5 Re1+ 30. Kd6 Nxc3+ 31. Kc7 Nxb5+ 32. Qxb5 g6 33. Kxb7 Ree2 34. b4 Rxg2 35. h4 Rd4 36. Qxb6 Rgd2 37. Qc5 Rd7+ 38. Kb6 R7d5 39. Qc8+ Rd8 40. Qc3 R2d3 41. Qf6 Rb8+ 42. Kc5 Rd5+ 43. Kc4 Rf5 44. Qd4 Rxf3 45. Nc6 Ra8 46. Ne7+ Kf8 47. Qh8+ Kxe7 48. Qxa8 Rf4+ 49. Kb3 Rxh4 50. Qa7+ Kf8 51. Qb8+ Kg7 52. Qe5+ Kf8 53. b5 Rh5 54. Qb8+ Kg7 55. b6 Rb5+ 56. Kc4 Rb1 57. b7 h5 58. Qe5+ f6 59. Qc7+ Kh6 60. b8Q Rxb8 61. Qxb8 Kg5 62. Qg3+ Kf5 63. Kd4 e5+ 64. Kd5 g5 65. Qf3+ Kg6 66. Ke6 1-0